30 biggest cities in Indiana - Statistics

General Stats
  • This quiz has been taken 51 times
  • The average score is 20 of 30
Answer Stats
Population City % Correct
879,293 Indianapolis
100%
67,652 Gary
98%
115,332 Evansville
95%
269,994 Fort Wayne
95%
103,395 South Bend
93%
71,216 Lafayette
85%
78,840 Bloomington
80%
102,296 Carmel
80%
76,193 Hammond
80%
58,502 Terre Haute
80%
65,081 Muncie
78%
104,094 Fishers
76%
59,890 Kokomo
73%
55,199 Anderson
68%
44,829 West Lafayette
68%
53,484 Elkhart
63%
73,916 Noblesville
59%
34,627 Valparaiso
59%
51,522 Columbus
56%
66,296 Greenwood
56%
51,235 Jeffersonville
56%
50,842 Mishawaka
54%
38,513 Portage
51%
35,425 Richmond
51%
37,329 New Albany
49%
57,746 Westfield
46%
49,235 Lawrence
34%
36,347 Merrillville
34%
37,047 Plainfield
24%
34,884 Crown Point
20%
No matching quizzes found
Score Distribution
Percent of People with Each Score
Percentile by Number Answered
Your Score History
You have not taken this quiz